000 00932cam a2200277 a 4500
999 _c130130
_d130130
001 1086568
003 ARRUPE
005 20200113120810.0
008 920204s1992 nyu d 001 0 eng
010 _a 92007615
020 _a0062700146 (indexed)
020 _a0062700464 (plain)
040 _aDLC
_cDLC
_dDLC
050 0 0 _aPE-591-1
082 0 0 _a423/.1
_220
245 0 0 _aRoget's international thesaurus.
250 _a5th ed. /
_bedited by Robert L. Chapman.
260 _aNew York, NY :
_bHarperCollins,
_cc1992.
300 _axxv, 1141 p. ;
_c25 cm.
500 _aIncludes index.
650 0 _aEnglish language
_xSynonyms and antonyms.
_929295
700 1 _aChapman, Robert L.,
_d1920-2002.
_948915
906 _a7
_bcbc
_corignew
_d1
_eocip
_f19
_gy-gencatlg
942 _2lcc
_cMONOGRAPH